000 00894nam a2200253 i 4500
001 14906
003 ES-MaACL
005 20250630032852.0
007 t|
008 991117s1997 sp ||||1| spa d
020 _a84-7793-562-9
080 _a336.747.1(460)"17/18"
100 1 _aTortella Casares, Teresa.
_9111080
245 1 4 _aLos primeros billetes españoles :
_blas "cédulas" del Banco de San Carlos (1782-1829) /
_cTeresa Tortella.
260 _a[Madrid] :
_bBanco de España,
_c1997.
300 _a158 p. :
_bil. col. ;
_c28 cm.
504 _aFuentes documentales y bibliográficas: p. 149-154.
610 2 _aBanco de San Carlos (España)
_92113
650 4 _aBilletes de banco-
_zEspaña-
_yS.XVIII.
_9173889
650 4 _aBilletes de banco-
_zEspaña-
_yS.XIX.
_9173890
710 2 _aBanco de España
_92104
852 4 _aES-MaACL
_jL-22109
999 _c14906
_d14906